National Assembly Library of Thailand

การวิเคราะห์ผลตอบแทนทางการเงินของการผลิตพลับในประเทศไทย / (ระเบียนเลขที่ 40283)

รายละเอียดในรูปแบบ MARC
000 -LEADER
fixed length control field 01003nam a22002057a 4500
003 - CONTROL NUMBER IDENTIFIER
control field NALT
005 - DATE AND TIME OF LATEST TRANSACTION
control field 20210706161814.0
008 - FIXED-LENGTH DATA ELEMENTS--GENERAL INFORMATION
fixed length control field s2546 th tha d
040 ## - CATALOGING SOURCE
Original cataloging agency NALT
041 ## - LANGUAGE CODE
Language code of text/sound track or separate title tha
050 ## - LIBRARY OF CONGRESS CALL NUMBER
Classification number SB 379.P4
Item number น198ก
100 0# - MAIN ENTRY--PERSONAL NAME
Personal name นภาภรณ์ พรหมชนะ
9 (RLIN) 53764
245 10 - TITLE STATEMENT
Title การวิเคราะห์ผลตอบแทนทางการเงินของการผลิตพลับในประเทศไทย /
Statement of responsibility, etc. นภาภรณ์ พรหมชนะ, จักรกฤษณ์ พจนศิลป์.
260 ## - PUBLICATION, DISTRIBUTION, ETC.
Place of publication, distribution, etc. กรุงเทพฯ :
Name of publisher, distributor, etc. สถาบันวิจัยและพัฒนา มหาวิทยาลัยเกษตรศาสตร์,
Date of publication, distribution, etc. 2546
300 ## - PHYSICAL DESCRIPTION
Extent 107 หน้า :
Other physical details ตาราง ;
Dimensions 29 ซม.
650 #4 - SUBJECT ADDED ENTRY--TOPICAL TERM
Topical term or geographic name entry element พลับ
9 (RLIN) 53765
General subdivision การปลูก
700 0# - ADDED ENTRY--PERSONAL NAME
Personal name จักรกฤษณ์ พจนศิลป์
850 ## - HOLDING INSTITUTION
Holding institution NALT
942 ## - ADDED ENTRY ELEMENTS (KOHA)
Koha item type Research/Thesis
Source of classification or shelving scheme Library of Congress Classification
998 ## - STAFF NAME (NALT)
-- 109
-- อารีรัตน์ วิชาช่าง
รายการที่มีในห้องสมุด
Withdrawn status Lost status Damaged status Not for loan Collection code Home library Current library Total Checkouts Full call number Barcode Date last seen Price effective from Koha item type
        Research & Theses collection National Assembly Library of Thailand National Assembly Library of Thailand   ว SB379.P4 น198ก 3961152342 09/06/2017 09/06/2017 Research/Thesis
หอสมุดรัฐสภา
สำนักงานเลขาธิการสภาผู้แทนราษฎร เลขที่ 1111 ถนนสามเสน แขวงถนนนครไชยศรี เขตดุสิต กรุงเทพฯ 10300
The Secretariat of the House of Representatives 1111 Samsen Road, Thanon Nakhon Chai Si, Dusit, Bangkok 10300, THAILAND
โทรศัพท์: +66(0) 2242 5900 ต่อ 5714-5 โทรสาร: +66(0) 2242 5990 อีเมล: [email protected]